Countries Mentioned in the Wikipedia Page of Vatican City - Statistics

General Stats
  • This quiz has been taken 99 times
  • The average score is 9 of 14
Answer Stats
Frequency Context Country % Correct
25 Is completely surrounded by ... Italy
100%
1 Popes lived in ... from 1309 to 1377 France
99%
7 ... opposed a bombing of Rome United States
91%
2 Housed the embassy of ... during World War II Germany
90%
1 Members of the military must be from ... Switzerland
90%
1 Housed the embassy of ... during World War II United Kingdom
90%
1 Pope Francis was born in ... Argentina
84%
2 Has an obelisk from ... Egypt
64%
3 ... is the most vulnerable to money-laundering Russia
62%
1 ... also hasn't ratified the ICC Monaco
59%
1 ... is similarly vulnerable to money-laundering Ireland
37%
2 ... also hasn't ratified the ICC Ukraine
23%
3 ... is also not a member of the Strasbourg Court Belarus
22%
1 Accepted a proposed "climate forest" in ... Hungary
21%
No matching quizzes found
Score Distribution
Percent of People with Each Score
Percentile by Number Answered
Your Score History
You have not taken this quiz